000 00315nam a22001337a 4500
008 170714b xxu||||| |||| 00| 0 eng d
020 _a9780877798088
041 _aeng
080 _211TH
_a038
100 _a26
101 _aFJA
245 _aMERRIAM WEBSTER'S COLLEGIATE DICTIONARY
_cWEBSTER, M
942 _2udc
_cBK
999 _c20968
_d20968